|
|
|
|
| LEADER |
00000nam0a2200000 4500 |
| 001 |
329467 |
| 005 |
20231102004149.0 |
| 035 |
|
|
|a (RuTPU)RU\TPU\book\355227
|
| 090 |
|
|
|a 329467
|
| 100 |
|
|
|a 20170314d1963 km y0rusy50 ca
|
| 101 |
0 |
|
|a rus
|
| 102 |
|
|
|a RU
|
| 105 |
|
|
|a a z 000zy
|
| 200 |
1 |
|
|a Магнитная запись телевизионных изображений
|f В. И. Лазарев, В. И. Пархоменко
|
| 210 |
|
|
|a Москва
|a Ленинград
|c Госэнергоиздат
|d 1963
|
| 215 |
|
|
|a 87 с.
|c ил.
|
| 225 |
1 |
|
|a Массовая радиобиблиотека
|v Вып. 462
|
| 606 |
1 |
|
|a Электрические сигналы
|x Запись магнитная (видеозапись)
|2 stltpush
|3 (RuTPU)RU\TPU\subj\75041
|9 86922
|
| 610 |
1 |
|
|a телевизионные изображения
|
| 610 |
1 |
|
|a магнитные записи
|
| 610 |
1 |
|
|a лентопротяжный механизм
|
| 610 |
1 |
|
|a видеомагнитофоны
|
| 610 |
1 |
|
|a видеозапись
|
| 610 |
1 |
|
|a вспомогательные устройства
|
| 610 |
1 |
|
|a свойства
|
| 675 |
|
|
|a 621.397.45
|v 4
|
| 700 |
|
1 |
|a Лазарев
|b В. И.
|g Владимир Иванович
|
| 701 |
|
1 |
|a Пархоменко
|b В. И.
|g Владимир Иванович
|
| 801 |
|
1 |
|a RU
|b 63413507
|c 20170314
|
| 801 |
|
2 |
|a RU
|b 63413507
|c 20170324
|g RCR
|
| 942 |
|
|
|c BK
|